000 00297nam a2200121Ia 4500
008 220216s9999 xx 000 0 und d
245 0 _aNurseries : Establishment and maintenance
260 _bPlanters Bulletin
_c1959
300 _a52-56
650 _aManuring
650 _aPlanting
942 _cJS
999 _c64224
_d64224